Fast Typing Boy's Names - Statistics

General Stats
  • This quiz has been taken 6,633 times
  • The average score is 16 of 26
Answer Stats
Hint Answer % Correct
Alex Alex
100%
Bobby Bobby
97%
David David
94%
Cameron Cameron
92%
Ethan Ethan
92%
Harry Harry
85%
Grayson Grayson
80%
Isaac Isaac
80%
Frederick Frederick
79%
Kevin Kevin
71%
Nathan Nathan
70%
Luke Luke
69%
Oliver Oliver
69%
Jonathon Jonathon
64%
Michael Michael
59%
Phillip Phillip
58%
Ryan Ryan
55%
Sam Sam
53%
Quincy Quincy
49%
Thomas Thomas
46%
Vinny Vinny
36%
Ulysses Ulysses
31%
Walter Walter
29%
Xavier Xavier
23%
Zach Zach
23%
Yoshi Yoshi
22%
No matching quizzes found
Score Distribution
Percent of People with Each Score
Percentile by Number Answered
Your Score History
You have not taken this quiz